| 000 | 00392nam a22001457a 4500 | ||
|---|---|---|---|
| 003 | macl | ||
| 005 | 20190704155355.0 | ||
| 008 | 190704b xxu||||| |||| 00| 0 eng d | ||
| 040 | _cmacl | ||
| 100 |
_aMaiti Dr. Arnab Kumar _975795 |
||
| 245 | _aHelps to the Study on Traffic and Transport Management | ||
| 260 |
_aNew Delhi _bBee Books _c2016 |
||
| 650 |
_aEducation _975796 |
||
| 942 |
_2ddc _cBK |
||
| 999 |
_c60431 _d60431 |
||